000 00716cam a2200145 4500500
005 20260208020906.0
041 _afre
042 _adc
100 1 0 _aScepi, Henri
_eauthor
245 0 0 _aÉthiques de l’écriture XIXe -XXe siècles. Textes réunis et présentés par MICHELE FINCK et GISÈLE SEGINGER. Vives Lettres, n° 12, second semestre 2001. Strasbourg, Université Marc Bloch. Un vol. 20,5 × 14,5 de 246 p. ISSN 1272-842X.
260 _c2003.
500 _a40
786 0 _nRevue d'histoire littéraire de la France | 103 | 4 | 2003-09-01 | p. 951zzb-1022zzb | 0035-2411
856 4 1 _uhttps://shs.cairn.info/revue-d-histoire-litteraire-de-la-france-2003-4-page-951zzb?lang=fr&redirect-ssocas=7080
999 _c1661108
_d1661108